书目信息 |
| 题名: |
这样坐月子瘦得快
|
|
| 作者: | 汉竹 编著 | |
| 分册: | ||
| 出版信息: | 南京 江苏凤凰科学技术出版社 2018 |
|
| 页数: | 167页 | |
| 开本: | 23cm | |
| 丛书名: | ||
| 单 册: | ||
| 中图分类: | TS972.164 , TS974.14 | |
| 科图分类: | ||
| 主题词: | 产妇--妇幼保健--食谱 , 产妇--减肥--基本知识 | |
| 电子资源: | ||
| ISBN: | 978-7-5537-6351-4 | |
| 000 | 01016nam0 2200253 450 | |
| 001 | 2334845028 | |
| 005 | 20231129094322.04 | |
| 010 | @a978-7-5537-6351-4@dCNY45.00 | |
| 100 | @a20181129d2018 em y0chiy50 ea | |
| 101 | 0 | @achi |
| 102 | @aCN@b320000 | |
| 105 | @aa z 000yy | |
| 200 | 1 | @a这样坐月子瘦得快@Azhe yang zuo yue zi shou de kuai@f汉竹编著 |
| 210 | @a南京@c江苏凤凰科学技术出版社@d2018 | |
| 215 | @a167页@c图,照片@d23cm | |
| 300 | @a亲亲乐读系列/汉竹编著 | |
| 330 | @a本书针对产后的各种问题,以时间为轴,从坐月子开始,告诉新妈妈每个阶段应该如何恢复身体,如何饮食,如何运动等,让新妈妈用科学的饮食和运动方法,在短时间内恢复到孕前的好体质、好身材。此外,书中还针对局部瘦身提供了相应的运动原则,用科学的运动方法,让新妈妈不节食、不剧烈运动,也能成为让人羡慕的“S”形辣妈。 | |
| 606 | 0 | @a产妇@x妇幼保健@x食谱 |
| 606 | 0 | @a产妇@x减肥@x基本知识 |
| 690 | @aTS972.164@v5 | |
| 690 | @aTS974.14@v5 | |
| 701 | 0 | @a汉竹@Ahan zhu@4编著 |
| 801 | 0 | @aCN@b山东中教@c20231126 |
| 905 | @aBZT@dTS972.164@e20 | |
| 这样坐月子瘦得快/汉竹编著.-南京:江苏凤凰科学技术出版社,2018 |
| 167页:图,照片;23cm |
| 亲亲乐读系列/汉竹编著 |
| ISBN 978-7-5537-6351-4:CNY45.00 |
| 本书针对产后的各种问题,以时间为轴,从坐月子开始,告诉新妈妈每个阶段应该如何恢复身体,如何饮食,如何运动等,让新妈妈用科学的饮食和运动方法,在短时间内恢复到孕前的好体质、好身材。此外,书中还针对局部瘦身提供了相应的运动原则,用科学的运动方法,让新妈妈不节食、不剧烈运动,也能成为让人羡慕的“S”形辣妈。 |
| ● |
| 相关链接 |
|
|
|
正题名:这样坐月子瘦得快
索取号:TS972.164/20
 
预约/预借
| 序号 | 登录号 | 条形码 | 馆藏地/架位号 | 状态 | 备注 |
| 1 | 2001141411 | 2001141411 | 中教(第二批第二书库)/山东中教(第二批)/454/ [索取号:TS972.164/20] | 在馆 | |
| 2 | 2001141412 | 2001141412 | 中教(第二批第二书库)/山东中教(第二批)/454/ [索取号:TS972.164/20] | 在馆 | |
| 3 | 2001141413 | 2001141413 | 中教(第二批第二书库)/山东中教(第二批)/454/ [索取号:TS972.164/20] | 在馆 | |
| 4 | 2001141414 | 2001141414 | 中教(第二批第二书库)/山东中教(第二批)/454/ [索取号:TS972.164/20] | 在馆 | |
| 5 | 2001141415 | 2001141415 | 中教(第二批第二书库)/山东中教(第二批)/454/ [索取号:TS972.164/20] | 在馆 | |
| 6 | 2001141416 | 2001141416 | 中教(第二批第二书库)/山东中教(第二批)/454/ [索取号:TS972.164/20] | 在馆 | |
| 7 | 2001141417 | 2001141417 | 中教(第二批第二书库)/山东中教(第二批)/454/ [索取号:TS972.164/20] | 在馆 | |
| 8 | 2001141418 | 2001141418 | 中教(第二批第二书库)/山东中教(第二批)/454/ [索取号:TS972.164/20] | 在馆 | |
| 9 | 2001141419 | 2001141419 | 中教(第二批第二书库)/山东中教(第二批)/454/ [索取号:TS972.164/20] | 在馆 | |
| 10 | 2001141420 | 2001141420 | 中教(第二批第二书库)/山东中教(第二批)/454/ [索取号:TS972.164/20] | 在馆 | |
| 11 | 2001141421 | 2001141421 | 中教(第二批第二书库)/山东中教(第二批)/454/ [索取号:TS972.164/20] | 在馆 | |
| 12 | 2001141422 | 2001141422 | 中教(第二批第二书库)/山东中教(第二批)/454/ [索取号:TS972.164/20] | 在馆 | |
| 13 | 2001141423 | 2001141423 | 中教(第二批第二书库)/山东中教(第二批)/454/ [索取号:TS972.164/20] | 在馆 | |
| 14 | 2001141424 | 2001141424 | 中教(第二批第二书库)/山东中教(第二批)/454/ [索取号:TS972.164/20] | 在馆 | |
| 15 | 2001141425 | 2001141425 | 中教(第二批第二书库)/山东中教(第二批)/454/ [索取号:TS972.164/20] | 在馆 | |
| 16 | 2001141426 | 2001141426 | 中教(第二批第二书库)/山东中教(第二批)/454/ [索取号:TS972.164/20] | 在馆 | |
| 17 | 2001141427 | 2001141427 | 中教(第二批第二书库)/山东中教(第二批)/454/ [索取号:TS972.164/20] | 在馆 | |
| 18 | 2001141428 | 2001141428 | 中教(第二批第二书库)/山东中教(第二批)/454/ [索取号:TS972.164/20] | 在馆 | |
| 19 | 2001141429 | 2001141429 | 中教(第二批第二书库)/山东中教(第二批)/454/ [索取号:TS972.164/20] | 在馆 | |
| 20 | 2001141430 | 2001141430 | 中教(第二批第二书库)/山东中教(第二批)/454/ [索取号:TS972.164/20] | 在馆 | |
| 21 | 2001141431 | 2001141431 | 中教(第二批第二书库)/山东中教(第二批)/454/ [索取号:TS972.164/20] | 在馆 | |
| 22 | 2001141432 | 2001141432 | 中教(第二批第二书库)/山东中教(第二批)/454/ [索取号:TS972.164/20] | 在馆 | |
| 23 | 2001141433 | 2001141433 | 中教(第二批第二书库)/山东中教(第二批)/454/ [索取号:TS972.164/20] | 在馆 | |
| 24 | 2001141434 | 2001141434 | 中教(第二批第二书库)/山东中教(第二批)/454/ [索取号:TS972.164/20] | 在馆 | |
| 25 | 2001141435 | 2001141435 | 中教(第二批第二书库)/山东中教(第二批)/454/ [索取号:TS972.164/20] | 在馆 | |
| 26 | 2001141436 | 2001141436 | 中教(第二批第二书库)/山东中教(第二批)/454/ [索取号:TS972.164/20] | 在馆 | |
| 27 | 2001141437 | 2001141437 | 中教(第二批第二书库)/山东中教(第二批)/454/ [索取号:TS972.164/20] | 在馆 | |
| 28 | 2001141438 | 2001141438 | 中教(第二批第二书库)/山东中教(第二批)/454/ [索取号:TS972.164/20] | 在馆 | |
| 29 | 2001141439 | 2001141439 | 中教(第二批第二书库)/山东中教(第二批)/454/ [索取号:TS972.164/20] | 在馆 | |
| 30 | 2001141440 | 2001141440 | 中教(第二批第二书库)/山东中教(第二批)/454/ [索取号:TS972.164/20] | 在馆 |